World health statistics 2011
Guardat en:
| Autor corporatiu: | |
|---|---|
| Format: | Desconegut |
| Publicat: |
Geneva, Switzerland
World Health Organization
2011
|
| Matèries: | |
| Etiquetes: |
Afegir etiqueta
Sense etiquetes, Sigues el primer a etiquetar aquest registre!
|
| LEADER | 00763 a2200205 4500 | ||
|---|---|---|---|
| 003 | 1579 | ||
| 005 | 20220906184538.0 | ||
| 020 | |a 9789241564199 | ||
| 060 | |a WA 900.1 | ||
| 110 | |a World Health Organization | ||
| 245 | |a World health statistics 2011 | ||
| 260 | |a Geneva, Switzerland |b World Health Organization |c 2011 | ||
| 300 | |a 170p. | ||
| 500 | |a World health statistics 2011 | ||
| 546 | |a eng. | ||
| 650 | |a Health status indicators |a World health |a Health services - statistics |a Mortality |a Morbidity |a Life expectancy |a Demography |a Statistics |a World Health Organization | ||
| 942 | |2 lcc |c BK | ||
| 952 | |0 0 |1 0 |2 lcc |4 0 |6 WA 00900.00001/WHO/02011 |7 0 |9 356 |a NHRC |b NHRC |c CART |d 2012-06-12 |l 0 |o WA 900.1/WHO/2011 |p 1579 |r 2012-06-12 |w 2012-06-12 |y BK | ||
| 953 | |a 0 | ||
| 999 | |c 352 |d 352 | ||